Alice in many tongues ; the translations of Alice in wonderland.

Bibliographic Details
Main Author: Weaver, Warren, 1894-1978
Format: Book
Language:English
Published: Madison : University of Wisconsin Press, 1964.
Subjects:

MARC

Tag First Indicator Second Indicator Subfields
LEADER 00000cam a2200000 4500
001 in00000033865
005 20151007063333.0
008 720105s1964 wiuch b 00000 eng u
010 |a  64012727  
035 |a (OCoLC)00191220 
035 |9 AAD7153AM 
040 |c CSU  |d TXA  |d UtOrBLW 
049 |a TXAM  |c [414247] 
050 0 |a PR4611.A73  |b W4 
092 |a 823  |b D645Yw 
100 1 |a Weaver, Warren,  |d 1894-1978. 
245 1 0 |a Alice in many tongues ;  |b the translations of Alice in wonderland. 
264 1 |a Madison :  |b University of Wisconsin Press,  |c 1964. 
300 |a vii, 147p :  |b portrait,facsimiles ;  |c 22cm. 
336 |a text  |b txt  |2 rdacontent 
337 |a unmediated  |b n  |2 rdamedia 
338 |a volume  |b nc  |2 rdacarrier 
504 |a Bibliographical footnotes. 
600 1 0 |a Carroll, Lewis,  |d 1832-1898.  |t Alice's adventures in Wonderland. 
999 |a MARS 
999 f f |s 98b636b8-8901-3e17-9196-ea8e7739b842  |i b54c1008-8e02-3e6b-9c6b-925f2a998c5e  |t 0 
952 f f |p normal  |a Texas A&M University  |b College Station  |c Sterling C. Evans Library  |d Evans: Library Stacks  |t 0  |e PR4611.A73 W4  |h Library of Congress classification  |i unmediated -- volume  |m A14801316972 
998 f f |a PR4611.A73 W4  |t 0  |l Evans: Library Stacks